00379nam a22000857a 4500008004100000082001800041245013600059260008900195300000900284230606b xxu||||| |||| 00| 0 eng d a338.9672bKEN aMillennium Development GoalsbStatus Report for Kenya 2011cMinistry of State for Planning and National Development and Vision 2030 aKenyabMinistry of State for Planning and National Development and Vision 2030c2011 a65 p